Library of the University of Algiers 3
Ibrahim Sultan Cheibout
شعار جامعة الجزائر 3
مكتبة جامعة الجزائر 3
إبراهيم سلطان شيبوط

القياس و الاختبار و التقويم في المجال التربوي الرياضي (رقم التسجيلة. 13602)

تفاصيل مارك
000 -LEADER
fixed length control field 00654nam a2200217Ia 4500
003 - CONTROL NUMBER IDENTIFIER
control field IEPS
005 - DATE AND TIME OF LATEST TRANSACTION
control field 20250703135325.0
008 - FIXED-LENGTH DATA ELEMENTS--GENERAL INFORMATION
fixed length control field 250223s9999||||xx |||||||||||||| ||und||
020 ## - INTERNATIONAL STANDARD BOOK NUMBER
International Standard Book Number 9957712709
040 ## - CATALOGING SOURCE
-- IEPS
041 ## - LANGUAGE CODE
Language code of text/sound track or separate title ara
082 ## - DEWEY DECIMAL CLASSIFICATION NUMBER
Classification number 796.07
100 ## - MAIN ENTRY--PERSONAL NAME
Personal name كماش يوسف لازم
245 #0 - TITLE STATEMENT
Title القياس و الاختبار و التقويم في المجال التربوي الرياضي
260 ## - PUBLICATION, DISTRIBUTION, ETC.
Place of publication, distribution, etc. عمان
Name of publisher, distributor, etc. دار دجلة موزعون و ناشرون
Date of publication, distribution, etc. 2013
300 ## - PHYSICAL DESCRIPTION
Extent 221 ص.
Other physical details جداول
Dimensions 24 سم.
653 ## - INDEX TERM--UNCONTROLLED
Uncontrolled term التقويم
653 ## - INDEX TERM--UNCONTROLLED
Uncontrolled term القياس
700 ## - ADDED ENTRY--PERSONAL NAME
Personal name مشتت رائد محمد
942 ## - ADDED ENTRY ELEMENTS (KOHA)
Koha item type كتب
المقتنيات
Withdrawn status Lost status Source of classification or shelving scheme Damaged status Not for loan Home library Current library Date acquired Inventory number Total checkouts Full call number Barcode Date last seen Copy number Price effective from Koha item type
    Dewey Decimal Classification   NOT LOAN / إعارة داخلية مكتبة معهد التربية البدنية و الرياضية مكتبة معهد التربية البدنية و الرياضية 23/02/2025 invar5641   796.07 ك ي ق / 1 invar5641 23/02/2025 ل ع 1921 / 1 23/02/2025 كتب
    Dewey Decimal Classification   Available مكتبة معهد التربية البدنية و الرياضية مكتبة معهد التربية البدنية و الرياضية 23/02/2025 invar5642   796.07 ك ي ق / 2 invar5642 23/02/2025 ل ع 1921 / 2 23/02/2025 كتب
    Dewey Decimal Classification   Available مكتبة معهد التربية البدنية و الرياضية مكتبة معهد التربية البدنية و الرياضية 23/02/2025 invar5643   796.07 ك ي ق / 3 invar5643 23/02/2025 ل ع 1921 / 3 23/02/2025 كتب
    Dewey Decimal Classification   Available مكتبة معهد التربية البدنية و الرياضية مكتبة معهد التربية البدنية و الرياضية 23/02/2025 invar5644   796.07 ك ي ق / 4 invar5644 23/02/2025 ل ع 1921 / 4 23/02/2025 كتب

موارد الويب المفتوحة


© University of Algiers 3 All Rights Reserved
|
Implemented by LECHELAH Riad